| 000 | 00397nam a22001337a 4500 | ||
|---|---|---|---|
| 041 | _aENG | ||
| 082 |
_a327.569 _bAYA |
||
| 100 | _aAyatullah al-Uzma Sayyid Ali Khamenei | ||
| 245 | _aPalestine: Statements of the Supreme Leader of the Islamic Revolution in Iran | ||
| 260 |
_aNew Delhi _bWelayat Publication _c2018 |
||
| 300 | _a511 | ||
| 650 | _aInternational relations of Palestine | ||
| 942 | _cBK | ||
| 999 |
_c23689 _d23689 |
||